000 00694nam a22002177a 4500
003 UA-OsUOA
001 59427
007 ta
008 20090327b un ||||| |||| 00| 0 ukr d
100 _aЖулинський М.
090 _a82
_bЖ87
942 _cSA
040 _aUA-OsUOA
_bukr
_cUA-OsUOA
_dUA-OsUOA
245 _aСила внутрішнього світла. Лист до Юрія Мушкетика як привід для роздумів про його творчість із нагоди 80-річчя
300 _aС.1
955 _a0
041 _aukr
080 _a82
773 0 _w59426
650 7 _a82 Література. Літературознавство
_2UDC
999 _c345507
_d345507